000 00397nam a2200145Ia 4500
008 210210b1989 xxu||||| |||| 00| 0 eng d
020 _a81 229 0005 4
082 _a320.3 ECKC
100 _aECKSTEIN (Harry) & APTER (David E.
245 _aComparative politics: a reader.
260 _aDelhi
_bSurjeet publications.
_c1989
300 _a746
690 _aComparative Governments
906 _a042631
999 _c92470
_d92470